000 00562nam a2200193 a 4500
001 2348
005 20140414131919.0
008 010604s19uu xx 00 eng d
020 _a0-307-12346-4
050 _aER
_bOn2 1991
100 _aKorman, Justine
245 _a101 dalmatians /
_cadapted by Justine Korman ; illustrated by Bill langely and Ron Dias.
260 _aNew York :
_bA Golden Book,
_c1991.
300 _ap. : ill. ; cm.
440 _aWalt Disney's Classic
650 _aPuppies
_xStories.
650 _aPuppies
_xFiction.
999 _c111641
_d111641